00995 2200325 4500001002100000005001500021035002000036007000300056008004100059020001800100082000800118084001400126100004600140245006900186250001400255300003000269520011700299600001000416264005700426336002100483337003000504338002300534990001600557990001600573990001600589990001600605990001600621990001600637990001600653INLIS00000000000003220260423093221 a0010-0426000031ta260423 e 1 ind  a9786231342324 a899 a899 ZIG m0 aZiggy ZezsyazeoviennazabrizkieePengarang1 aMari pergi lebih jauh /cPenulis, Ziggy Zezsyazeoviennazabrizkie aCetakan 2 a208 :bIlustrasi ;c20 cm aMi dan Ma dan Mo harus terlebih dahulu membebaskan Fufu dari Rumah Sakit Jiwa untuk orang yang jiwanya disakiti. 4aFiksi aJakarta :b(KGP) Kepustakaan Populer Gramedia,c2025 2rdacontentaTeks 2rdamediaaTanpa Perantara 2rdacarrieraVolume aTT001576/25 aPP000082/25 aAT000099/25 aPC000046/25 aSP000147/25 aPP000580/25 aNM003560/25